Origin of Buddhist Meditation (Record no. 14852)

MARC details
000 -LEADER
fixed length control field 00606nam a2200241 a 4500
020 ## - INTERNATIONAL STANDARD BOOK NUMBER
ISBN 9788178849713
082 00 - DEWEY DECIMAL CLASSIFICATION NUMBER
Classification number 294.34
Author Cutter CHA
100 ## - MAIN ENTRY--AUTHOR NAME
Author name Chaterjee, Suman
245 ## - TITLE STATEMENT
Title Origin of Buddhist Meditation
260 ## - PUBLICATION, DISTRIBUTION, ETC. (IMPRINT)
Place of publication Delhi
Name of publisher Cyber Techpub
Year of publication 2012
300 ## - PHYSICAL DESCRIPTION
Number of Pages 264p
500 ## - GENERAL NOTE
General note includes index and biblioraphy
505 2# - FORMATTED CONTENTS NOTE
Formatted contents note Bibliography, Index
650 ## - SUBJECT ADDED ENTRY--TOPICAL TERM
Topical Term Buddhism-Practices
942 ## - ADDED ENTRY ELEMENTS (KOHA)
Koha item type Books
700 1# -
-- Chaterjee, Suman
Holdings
Collection code Home library Current library Date acquired Cost, normal purchase price Full call number Accession Number Koha item type
  Henry Martyn Institute Library Henry Martyn Institute Library 01/10/2012 900.00 294.34 CHA 023779 Books
                   Copyright © 2026 | Henry Martyn Institute | Hyderabad | TS-500052 | INDIA | Implemented by hmi.edu.in
Hit-Count:

Powered by Koha